000
00203 a2200097 4500
001
14798
100
_a
Tariq
245
_a
Rubaiyat of Iqbal
260
_a
Lahore
_b
Sh Ghulam Ali
_c
090
_c
11577
_d
11577
942
_a
NUST-CAE
_c
M
_c
1755
999
_c
249871
_d
249871